000 00545nam a2200205Ia 4500
003 OST
005 20240606080835.0
008 150730s9999 xx 000 0 und d
020 _a9780821368077
040 _cMRUC
050 _aSPEC HD 1415.W564 2007
100 _aWorld Bank
245 _aworld development report 2008: Agriculture for development
264 _aWashington
264 _bWorld Bank
264 _c2007
650 _aAgriculture-- economic aspects; population
942 _2lcc
_cBK
999 _c1399
_d1399